| 000 | 01330cam a22003375a 4500 | ||
|---|---|---|---|
| 003 | EG-ScBUE | ||
| 005 | 20220404114008.0 | ||
| 008 | 150831s2011 enk f 000 0 eng d | ||
| 020 | _a1447211871 | ||
| 020 | _a9781447211877 | ||
| 040 |
_aEG-ScBUE _beng _erda _cEG-ScBUE _dEG-ScBUE |
||
| 041 | 1 |
_aeng _hger |
|
| 082 | 0 | 4 |
_a833.912 _bMUS _222 |
| 100 | 1 |
_aMusil, Robert _d1880-1942, _eauthor. _939268 |
|
| 245 | 1 | 4 |
_aThe man without qualities / _cRobert Musil ; translated from the German by Sophie Wilkins ; editorial consultant, Burton Pike. |
| 264 | 1 |
_aLondon : _bPicador, _c2011. |
|
| 300 |
_axii, 1130 pages ; _c17 cm |
||
| 336 |
_2rdacontent _atext _btxt |
||
| 337 |
_2rdamedia _aunmediated _bn |
||
| 338 |
_2rdacarrier _avolume _bnc |
||
| 505 | _aI. A sort of introduction -- II. Pseudoreality prevails -- III. Into the millennium. | ||
| 546 | _aText in English ; translated from the original German. | ||
| 650 | 7 |
_2BUEsh _939270 _aGerman fiction _y20th century _xTranslations into English. |
|
| 651 | 7 |
_2BUEsh _939271 _aVienna (Austria) _vFiction. |
|
| 651 | 7 |
_2BUEsh _939272 _aAustria _xHistory _y1867-1918 _vFiction. |
|
| 653 |
_cFebruary2016 _bHHUUEENN |
||
| 655 |
_vReading book _934232 |
||
| 700 | 1 |
_939273 _aWilkins, Sophie, _etranslator. |
|
| 700 | 1 |
_939274 _aPike, Burton, _eeditor. |
|
| 942 |
_2ddc _k833.912 MUS _cBB |
||
| 999 |
_c20765 _d20737 |
||